000
00279nam a2200109Ia 4500
005
20251222141952.0
008
251222s9999||||xx |||||||||||||| ||spa||
082
_a
324.985/A81
245
0
_a
Diez Preguntas, y un Colofón:
264
_b
Asociación Civil Transparencia
942
_c
LIB
999
_c
9726
_d
9726